Loading...
| Literature - American Literature | 0 | 2 | 0 | 0 | 20 | 141 | 144.50 | 0 | 0 |
| Literature - World/Other Literature | 0 | 2 | 0 | 0 | 20 | 61 | 102.00 | 0 | 0 |
| Science - Physics | 0 | 1 | 0 | 0 | 10 | 139 | 139.00 | 0 | 0 |
| Geography/Current Events | 0 | 1 | 0 | 0 | 10 | 41 | 41.00 | 0 | 1 |
| Fine Arts - Other Fine Arts | 0 | 1 | 0 | 1 | 10 | 134 | 134.00 | 0 | 0 |
| Fine Arts - Visual Fine Arts | 0 | 1 | 0 | 0 | 10 | 143 | 143.00 | 0 | 0 |
| Social Science | 0 | 1 | 0 | 0 | 10 | 117 | 117.00 | 0 | 0 |
| Mythology | 0 | 1 | 0 | 0 | 10 | 116 | 116.00 | 0 | 0 |
| Literature - British Literature | 0 | 0 | 0 | 0 | 0 | 0.00 | 0 | 0 | |
| History - World History | 0 | 0 | 0 | 0 | 0 | 0.00 | 0 | 0 | |
| Fine Arts - Classical Music | 0 | 0 | 0 | 0 | 0 | 0.00 | 0 | 0 | |
| Literature - European Literature | 0 | 0 | 1 | 0 | -5 | 0.00 | 0 | 0 |